000 00845cam a2200301 a 4500
001 3547628
003 OSt
005 20180316181643.0
008 961219s1997 enka b 001 0 eng d
010 _a 97108396
015 _aGB96-88599
020 _a0723610959
035 _a(OCoLC)36113685
040 _aICADA
_cICADA
_dUk
_dDLC
042 _alccopycat
050 0 4 _aRK52
_b.C6652 1997
082 0 0 _aWU 113 P65C1997
_221
100 _aedited by Cynthia M. Pine.
_912534
245 0 0 _aCommunity Oral Health
260 _aOxford ;
_bWright,
_cc1997.
300 _axvi, 314 p. :
_bill. ;
_c25 cm.
504 _aIncludes bibliographical references and index.
650 0 _aOral health
_95346
650 0 _aCommunity dental services.
_95347
906 _a7
_bcbc
_ccopycat
_d2
_encip
_f19
_gy-gencatlg
942 _2z
_cSLOAN
999 _c2061
_d2061